| 000 | 00611nam a2200181Ia 4500 | ||
|---|---|---|---|
| 008 | 090711s9999 xx 000 0 und d | ||
| 082 | _b61783 | ||
| 100 | _aकस्तुरी एन. | ||
| 245 | _aश्री सत्यसाई संदेश भा. 7 | ||
| 260 | _c1976 | ||
| 300 | _a476 | ||
| 600 | _aकस्तुरी एन. | ||
| 630 | _aश्री सत्यसाई संदेश भा. 7 | ||
| 700 | _aदेसाई शि. ना. | ||
| 700 | _aकस्तुरी एन. | ||
| 730 | _aश्री सत्यसाई संदेश भा. 7 | ||
| 942 | _cBOOK | ||
| 999 |
_c283651 _d283651 |
||